000 00485nam a2200169Ia 4500
999 _c28352
_d28352
003 OSt
005 20210106100339.0
008 190216s9999||||xx |||||||||||||| ||und||
040 _coclc
082 _a894.812301
_bNAI/K
100 _aNair, T K D
_98176
245 0 _aKathayallatha Kathakal /
_cT K D Nair
260 _bPoorna Publications,
_aKozhikode:
_c2002.
300 _a63p
650 _aKathakal
942 _cBK
_2ddc
_h894.812301
_iNAI/K
_k894.812301
_mNAI/K